| 000 | 00950cam a2200277 a 4500 | ||
|---|---|---|---|
| 001 | 14209672 | ||
| 003 | OSt | ||
| 005 | 20160610141544.0 | ||
| 008 | 051223s2005 vaua b 000 0 eng | ||
| 010 | _a 2005285246 | ||
| 020 | _a9781416602347 | ||
| 040 |
_aDLC _cDLC _dDLC |
||
| 050 | 0 | 0 |
_aPE 1449 _b.M393 2005 |
| 082 |
_aGLT 428.24 _bM36 2005 |
||
| 100 | 1 |
_aMarzano, Robert J. _922370 |
|
| 245 | 1 | 0 |
_aBuilding academic vocabulary : _bteacher's manual / _cRobert J. Marzano [and] Debra J. Pickering. |
| 260 |
_aAlexandria, Va. : _bAssociation for Supervision and Curriculum Development, _c2005 |
||
| 300 |
_a82 p. : _bill. ; _c28 cm. |
||
| 504 | _aIncludes bibliographical references (p. 4). | ||
| 521 | _bLexile | ||
| 650 | 0 |
_aVocabulary _xStudy and teaching (Higher) _922384 |
|
| 906 |
_a7 _bcbc _corignew _d2 _encip _f20 _gy-gencatlg |
||
| 942 |
_2lcc _cBK |
||
| 999 |
_c12500 _d12500 |
||